Jadernaja energetika = Nuclear fission reactors. Potential role and risks of converters and freeders /

Na minha lista:
Detalhes bibliográficos
Autor principal: Kessler, G (Author)
Formato: Livro
Idioma:russo
Publicado em: Moskva : Energoatomizdat, 1986
Edição:1.vyd.
Tags: Adicionar Tag
Sem tags, seja o primeiro a adicionar uma tag!

MARC

LEADER 00000nam a22000003a 4500
001 stu7440
005 20150617225808.8
008 950316s1986----xxr-----------------rus-d
040 |a STU  |b slo 
041 0 |a rus 
044 |a xxr 
080 |a 621.039 
100 1 |a Kessler, G  |4 aut 
245 1 |a Jadernaja energetika = Nuclear fission reactors. Potential role and risks of converters and freeders /  |c [aut.] Kessler,G 
250 |a 1.vyd. 
260 |a Moskva :  |b Energoatomizdat,  |c 1986 
300 |a 261 s 
996 |b E60844  |c E*60844  |l EE10  |s P  |a 0  |w stu7440_0001